Quiz Genero Urbano #2 (2024) - Estadísticas

Estadísticas generales
  • Esta prueba ha sido intentada 678 veces
  • La puntuación promedio es 24 de 30
Estadísticas de respuestas
Pregunta Azulejo Select % Correcto
Selecciona los artistas que SÍ sean Españoles (España) No
94%
Quien de aqui SI tiene una BZRP sesion? ( junio24) No
93%
Selecciona quienes han colaborado en Un Verano Sin Ti (Bad Bunny) No
91%
Quien de aqui SI tiene una BZRP sesion? ( junio24)
89%
Selecciona los artistas que SÍ sean Españoles (España)
89%
Selecciona los que SÍ hayan participado en DATA (Tainy) No
87%
Selecciona los artistas que SÍ sean Españoles (España) No
87%
Selecciona quienes han colaborado en Un Verano Sin Ti (Bad Bunny) No
86%
Selecciona a los Avengers (Los Avengers, no colabos con) No
85%
Quien de aqui SI tiene una BZRP sesion? ( junio24)
84%
Selecciona los artistas que SÍ sean Españoles (España)
84%
Selecciona a los Avengers (Los Avengers, no colabos con)
84%
Selecciona a los Avengers (Los Avengers, no colabos con) No
84%
Selecciona los que SÍ hayan participado en DATA (Tainy)
81%
Selecciona quienes han colaborado en Un Verano Sin Ti (Bad Bunny) No
81%
Selecciona quienes han colaborado en Un Verano Sin Ti (Bad Bunny)
80%
Selecciona a los Avengers (Los Avengers, no colabos con)
79%
Selecciona los que SÍ hayan participado en DATA (Tainy)
78%
Selecciona los que SÍ hayan participado en DATA (Tainy)
78%
Selecciona a los Avengers (Los Avengers, no colabos con)
78%
Quien de aqui SI tiene una BZRP sesion? ( junio24)
76%
Selecciona los que SÍ hayan participado en DATA (Tainy) No
76%
Selecciona quienes han colaborado en Un Verano Sin Ti (Bad Bunny)
76%
Selecciona los que SÍ hayan participado en DATA (Tainy)
75%
Selecciona los artistas que SÍ sean Españoles (España)
74%
Selecciona a los Avengers (Los Avengers, no colabos con)
72%
Selecciona los artistas que SÍ sean Españoles (España) No
69%
Quien de aqui SI tiene una BZRP sesion? ( junio24)
64%
Selecciona quienes han colaborado en Un Verano Sin Ti (Bad Bunny)
50%
Quien de aqui SI tiene una BZRP sesion? ( junio24)
36%
No se encontraron pruebas coincidentes
Distribución de puntuación
Porcentaje de gente con cada puntuación
Porcentaje por número respondido
Historial de tus puntuaciones
No has intentado esta prueba.